Al-ta'lim
| Autor Corporativo: | |
|---|---|
| Formato: | Electrónico Revista |
| Lenguaje: | inglés árabe indonesio |
| Publicado: |
[Padang, Indonesia] :
Faculty of Islamic Education and Teacher Training, IAIN Imam Bonjol Padang
|
| Materias: | |
| Acceso en línea: | Full text available from Research Library: 02/01/2012 to present |
MARC
| LEADER | 00000nas a2200000 i 4500 | ||
|---|---|---|---|
| 001 | ssj0001583276 | ||
| 003 | WaSeSS | ||
| 005 | 20200512172242.0 | ||
| 006 | m d | ||
| 007 | cr n | ||
| 008 | 150217c19979999io tx p s u0 0eng | ||
| 010 | |a 2015255235 | ||
| 022 | |a 2355-7893 | ||
| 035 | |a (WaSeSS)ssj0001583276 | ||
| 040 | |a AU@ |b eng |c AU@ |d CUS |d ZCU |d OCLCF |d OCLCQ |d VT2 |d WaSeSS | ||
| 041 | 0 | |a eng |a ara |a ind | |
| 042 | |a pcc | ||
| 050 | 1 | 4 | |a BP44 |
| 245 | 0 | 0 | |a Al-ta'lim |h [electronic resource]. |
| 246 | 1 | |a Al-ta'lim journal | |
| 246 | 1 | |a Jurnal Al-ta'lim | |
| 246 | 1 | |a Ta'lim | |
| 260 | |a [Padang, Indonesia] : |b Faculty of Islamic Education and Teacher Training, IAIN Imam Bonjol Padang | ||
| 310 | |a Three times a year | ||
| 362 | 1 | |a Print began in 1997. | |
| 506 | |a License restrictions may limit access. | ||
| 546 | |a English, Arabic and Indonesian. | ||
| 588 | |a Description based on: Vol. 19, no. 1 (2012); title from contents page (publisher website, viewed Dec. 23, 2015). | ||
| 588 | |a Latest issue consulted: Vol. 21, no. 3 (2014). | ||
| 650 | 0 | |a Islamic religious education |v Periodicals. | |
| 650 | 7 | |a Islamic religious education. |2 fast |0 (OCoLC)fst00980044 | |
| 655 | 0 | |a Electronic journals. | |
| 710 | 2 | |a IAIN Imam Bonjol. |b Fakultas Tarbiyah & Keguruan. | |
| 856 | 4 | 0 | |z Full text available from Research Library: 02/01/2012 to present |u https://search.proquest.com/publication/2046258 |